Normal view
MARC view
- Percepción espacial en niños
Entry Materia
001 - NÚMERO DE CONTROL DEL REGISTRO
- campo de control: 19735
003 - IDENTIFICADOR DE NUMERO DE CONTROL
- campo de control: MX-MxUPN
005 - FECHA Y HORA DE LA ÚLTIMA TRANSACCIÓN
- campo de control: 20240322092411.0
008 - DATOS DE LONGITUD FIJA
- campo de control de longitud fija: 240322nn annnnbabn n ana |d
035 ## - NÚMERO DE CONTROL DEL SISTEMA
- Número de control del sistema: UPN10000019744
040 ## - FUENTE DE LA CATALOGACIÓN
- Lengua de catalogación: spa
- Centro catalogador de origen: MX-MxUPN
150 ## - ENCABEZAMIENTO - TEMÁTICO
- Término de materia o nombre geográfico como elemento inicial: Percepción espacial en niños
670 ## - FUENTE EN LA QUE SE LOCALIZARON DATOS
- Cita de la fuente: LEMB, 1998 :
- Información localizada: página 793 (Percepción espacial en niños)
902 ## - CATALOGADOR
- Catalogador: MMA/230503
- Catalogador: VíctorGodínez/220324
